Statistiques concernant Pays les plus heureux du monde

Cliquez ici pour prendre le quiz!

Statistiques générales

  • Ce quiz a été pris 231 fois
  • Le résultat moyen est 15 sur 20

Statistiques - réponses

Pays% Correct
Norvège
92%
Suède
92%
Finlande
91%
Canada
89%
Danemark
86%
Etats-Unis
85%
Islande
83%
Suisse
83%
Allemagne
80%
Pays-Bas
80%
Belgique
79%
Australie
78%
Royaume-Uni
77%
Nouvelle Zélande
73%
Irlande
72%
Luxembourg
70%
Autriche
65%
Chili
31%
Costa Rica
25%
Israël
23%

Distribution des résultats

Percentile par nombre de réponses

% des personnes avec chaque résultat

Votre développement - résultats

Vous n’avez pas pris ce quiz